000 00710nam a2200205 i 4500
001 185885
003 ES-MaACL
005 20250930063158.0
008 160819s1949 sp |||| | spa d
100 1 _aPopovici, Cirilo L.,
_d1902-1995
_993104
245 1 3 _aLa organización judicial en Rumanía /
_cCirilo Popovici.
260 _aSalamanca :
_bAsociación Hispano-Rumana,
_c1949.
300 _a22 p. ;
_c22 cm.
490 1 _aCuadernos hispano-rumanos ;
_v2
650 4 _aAdministración de justicia-
_zRumanía.
_99628
710 2 _aAsociación Hispano-Rumana (Salamanca)
_9160502
830 1 _aCuadernos hispano-rumanos ;
_v2
_9192425
852 4 _aES-MaACL
_jE-4348
999 _c185885
_d185885